000 00402 a2200157 4500
001 72169
020 _a8574061263
040 _cAnchieta - Colégio São Paulo
100 _aAngela - Lago
240 1 0 _aSete histórias para sacudir o esqueleto
_lIng
245 1 0 _aSete histórias para sacudir o esqueleto
300 _a[61p.]
362 0 _a2005
650 4 _aLiteratura infanto-juvenil
942 _cBK
999 _c72169
_d72169